000 00243nam a2200085Ia 4500
245 0 _aWilliam Shakespeare's Romeo and Juliet
100 _a Dunn, Joeming W. Edina, MN, [c.2009]
942 _cBK
008 210818s9999 xx 000 0 und d
999 _c438264
_d438263